• 首页
  • 本馆介绍
  • 公告通知
  • 最新文献
  • 馆藏检索
  • 电子资源
  • 读者导购
  • 参考咨询
  • 我的图书馆
  • 登录
  • 详细信息显示
  • 放入我的书架
  • 预约/预借图书
  • 作者相关作品
  • 分类相关作品
  • 丛书相关作品
  • 出版社相关作品

书目信息

  • 表格格式
  • 工作单格式
  • 卡片格式
题名:
常用布局
    
 
作者: 杭承义 , 程征 编著
分册:  
出版信息: 北京   人民体育出版社  1988.07
页数: 528页
开本: 19cm
丛书名:
单 册:
中图分类: G891.1
科图分类:
主题词: 文娱性体育活动
电子资源:
ISBN: 7-5009-0079-1
000 00622nam0 2200217 450
001 0756245307
005 20071121154040.94
010    @a7-5009-0079-1@dCNY3.90
100    @a20071121d1988 km y0chiy0120 ea
101 0  @achi
102    @aCN@b110000
102    @aCN@b110000
200 1  @a常用布局@Achang yong bu ju@f杭承义,程征编著@Fhang cheng yi,cheng zheng bian zhu
210    @a北京@c人民体育出版社@d1988.07
215    @a528页@d19cm
606 0  @a文娱性体育活动
690    @aG891.1@v4
701  0 @a杭承义@Ahang cheng yi@4编著
701  0 @a程征@Acheng zheng@4编著
801  0 @aCN@bPFT@c20071121
905    @aBZT@dG891.1@e18
    
    常用布局/杭承义,程征编著.-北京:人民体育出版社,1988.07
    528页;19cm
    
    
    ISBN 7-5009-0079-1:CNY3.90
    
●
相关链接 在五车中查询图书 在当当中查询图书 在豆瓣中查询图书


正题名:常用布局     索取号:G891.1/18         预约/预借

序号 登录号 条形码 馆藏地/架位号 状态 备注
1 4644   200861610   中心书库北库/ 北库025架B面5列6层21/ [索取号:G891.1/18] 在馆    
山东省滨州职业学院图书馆 欢迎您!
大连网信软件有限公司© 版权所有